000 00467nam a2200181 a 4500
001 1770806978273
003 YourLibrary
005 20260211162328.0
008 260211s2009##################000#0#eng##
020 _a9781844077182
082 0 4 _a333.794
_bDRO
100 1 _aDroege, Peter,
_eauthor.
245 1 0 _a100% Renewable :
260 _bRoutledge,
_c2009.
650 0 _aTechnology & Engineering.
942 _cENGLISH
040 _aYourLibrary
_beng
_cYourLibrary
999 _c611858
_d611858